000 00595nam a2200181 a 4500
005 20240830063848.0
008 081109s2002 mx r 000 0 spa d
035 _aUPN01000165942
049 _aUNE
050 4 _aLB1607
_bE3.8
245 0 0 _aEducación secundaria :
_bun camino para el desarrollo humano /
_cBeatriz Macedo ... [et al.].
260 _aSantiago de Chile :
_bUNESCO :
_bOREALC,
_c2002.
300 _a247 p.
590 _aTambién localizas ejemplares en la "Colección General"
650 7 _aEducación secundaria
_2
_94281
700 1 _aMacedo, Beatriz,
_ecoaut.
905 _aLibro
999 _c138054
_d138054